| 000 | 00722nam a2200253Ia 4500 | ||
|---|---|---|---|
| 001 | 11066 | ||
| 003 | GE_BSU | ||
| 008 | 181216s||||||||xx |||||||||||||| ||und|| | ||
| 020 | _a9780273778035 | ||
| 040 | _cGE_BSU | ||
| 080 | _a657 | ||
| 100 | _aAtrill,Peter and Eddie McLaney. | ||
| 245 | _aAccounting and Finance for Nonspecialists | ||
| 250 | _aEIGHTH EDITION. | ||
| 260 | _aNew York. | ||
| 260 | _bPearson. | ||
| 260 | _c2013. | ||
| 300 | _a563p;ill;24cm. | ||
| 520 | _aშემოსულია ტემპუსის პროექტით. | ||
| 541 | _h174Gel. | ||
| 653 | _aAccounting and Finance for Nonspecialists | ||
| 653 | _aტემპუსის პროექტით | ||
| 942 | _cBK | ||
| 999 |
_c44308 _d44308 |
||